<?xml version="1.0" encoding="UTF-8"?>
<collection xmlns="http://www.loc.gov/MARC21/slim">
 <record>
  <leader>02440nam a22003137a 4500</leader>
  <controlfield tag="001">NCT_65857</controlfield>
  <controlfield tag="008">190810b        xxu||||| |||| 00| 0 vie d</controlfield>
  <datafield tag="999" ind1=" " ind2=" ">
   <subfield code="c">3187</subfield>
   <subfield code="d">3187</subfield>
  </datafield>
  <datafield tag="020" ind1=" " ind2=" ">
   <subfield code="a">9786048224455</subfield>
   <subfield code="c">69000</subfield>
  </datafield>
  <datafield tag="082" ind1="0" ind2="4">
   <subfield code="2">23rd ed.</subfield>
   <subfield code="a">692.5</subfield>
   <subfield code="b">Gi108T</subfield>
  </datafield>
  <datafield tag="110" ind1="2" ind2=" ">
   <subfield code="a">Bộ Xây dựng</subfield>
  </datafield>
  <datafield tag="245" ind1="1" ind2="0">
   <subfield code="a">Giáo trình dự toán xây dựng cơ bản</subfield>
   <subfield code="c">Bộ Xây dựng</subfield>
  </datafield>
  <datafield tag="250" ind1=" " ind2=" ">
   <subfield code="a">Tái bản</subfield>
  </datafield>
  <datafield tag="260" ind1=" " ind2=" ">
   <subfield code="a">H.</subfield>
   <subfield code="b">Xây dựng</subfield>
   <subfield code="c">2018</subfield>
  </datafield>
  <datafield tag="300" ind1=" " ind2=" ">
   <subfield code="a">166 tr.</subfield>
   <subfield code="b">hình vẽ, bảng</subfield>
   <subfield code="c">27cm</subfield>
  </datafield>
  <datafield tag="520" ind1="3" ind2=" ">
   <subfield code="a">Nội dung sách khái niệm về dự toán xây dựng cơ bản, tiên lượng, dự toán nhu cầu vật liệu, nhân công, xa máy thi công, lập dự toán công trình.</subfield>
  </datafield>
  <datafield tag="653" ind1=" " ind2=" ">
   <subfield code="a">Kỹ thuật công trình xây dựng</subfield>
  </datafield>
  <datafield tag="942" ind1=" " ind2=" ">
   <subfield code="2">ddc</subfield>
   <subfield code="c">BK</subfield>
  </datafield>
  <datafield tag="952" ind1=" " ind2=" ">
   <subfield code="0">0</subfield>
   <subfield code="1">0</subfield>
   <subfield code="2">ddc</subfield>
   <subfield code="4">0</subfield>
   <subfield code="6">692_500000000000000_GI108T</subfield>
   <subfield code="7">0</subfield>
   <subfield code="9">17217</subfield>
   <subfield code="a">000001</subfield>
   <subfield code="b">000001</subfield>
   <subfield code="d">2019-08-10</subfield>
   <subfield code="o">692.5 Gi108T</subfield>
   <subfield code="p">MD.15925</subfield>
   <subfield code="r">2019-08-10</subfield>
   <subfield code="v">69000.00</subfield>
   <subfield code="w">2019-08-10</subfield>
   <subfield code="y">BK</subfield>
  </datafield>
  <datafield tag="952" ind1=" " ind2=" ">
   <subfield code="0">0</subfield>
   <subfield code="1">0</subfield>
   <subfield code="2">ddc</subfield>
   <subfield code="4">0</subfield>
   <subfield code="6">692_500000000000000_GI108T</subfield>
   <subfield code="7">0</subfield>
   <subfield code="9">17218</subfield>
   <subfield code="a">000001</subfield>
   <subfield code="b">000001</subfield>
   <subfield code="d">2019-08-10</subfield>
   <subfield code="o">692.5 Gi108T</subfield>
   <subfield code="p">MD.15926</subfield>
   <subfield code="r">2019-08-10</subfield>
   <subfield code="v">69000.00</subfield>
   <subfield code="w">2019-08-10</subfield>
   <subfield code="y">BK</subfield>
  </datafield>
  <datafield tag="952" ind1=" " ind2=" ">
   <subfield code="0">0</subfield>
   <subfield code="1">0</subfield>
   <subfield code="2">ddc</subfield>
   <subfield code="4">0</subfield>
   <subfield code="6">692_500000000000000_GI108T</subfield>
   <subfield code="7">0</subfield>
   <subfield code="9">17219</subfield>
   <subfield code="a">000001</subfield>
   <subfield code="b">000001</subfield>
   <subfield code="d">2019-08-10</subfield>
   <subfield code="o">692.5 Gi108T</subfield>
   <subfield code="p">MD.15927</subfield>
   <subfield code="r">2019-08-10</subfield>
   <subfield code="v">69000.00</subfield>
   <subfield code="w">2019-08-10</subfield>
   <subfield code="y">BK</subfield>
  </datafield>
  <datafield tag="952" ind1=" " ind2=" ">
   <subfield code="0">0</subfield>
   <subfield code="1">0</subfield>
   <subfield code="2">ddc</subfield>
   <subfield code="4">0</subfield>
   <subfield code="6">692_500000000000000_GI108T</subfield>
   <subfield code="7">0</subfield>
   <subfield code="9">17220</subfield>
   <subfield code="a">000001</subfield>
   <subfield code="b">000001</subfield>
   <subfield code="d">2019-08-10</subfield>
   <subfield code="o">692.5 Gi108T</subfield>
   <subfield code="p">MD.15928</subfield>
   <subfield code="r">2019-08-10</subfield>
   <subfield code="v">69000.00</subfield>
   <subfield code="w">2019-08-10</subfield>
   <subfield code="y">BK</subfield>
  </datafield>
  <datafield tag="952" ind1=" " ind2=" ">
   <subfield code="0">0</subfield>
   <subfield code="1">0</subfield>
   <subfield code="2">ddc</subfield>
   <subfield code="4">0</subfield>
   <subfield code="6">692_500000000000000_GI108T</subfield>
   <subfield code="7">0</subfield>
   <subfield code="9">17221</subfield>
   <subfield code="a">000001</subfield>
   <subfield code="b">000001</subfield>
   <subfield code="d">2019-08-10</subfield>
   <subfield code="o">692.5 Gi108T</subfield>
   <subfield code="p">MD.15929</subfield>
   <subfield code="r">2019-08-10</subfield>
   <subfield code="v">69000.00</subfield>
   <subfield code="w">2019-08-10</subfield>
   <subfield code="y">BK</subfield>
  </datafield>
  <datafield tag="952" ind1=" " ind2=" ">
   <subfield code="0">0</subfield>
   <subfield code="1">0</subfield>
   <subfield code="2">ddc</subfield>
   <subfield code="4">0</subfield>
   <subfield code="6">692_500000000000000_GI108T</subfield>
   <subfield code="7">0</subfield>
   <subfield code="9">17222</subfield>
   <subfield code="a">000001</subfield>
   <subfield code="b">000001</subfield>
   <subfield code="d">2019-08-10</subfield>
   <subfield code="o">692.5 Gi108T</subfield>
   <subfield code="p">MD.15930</subfield>
   <subfield code="r">2019-08-10</subfield>
   <subfield code="v">69000.00</subfield>
   <subfield code="w">2019-08-10</subfield>
   <subfield code="y">BK</subfield>
  </datafield>
  <datafield tag="952" ind1=" " ind2=" ">
   <subfield code="0">0</subfield>
   <subfield code="1">0</subfield>
   <subfield code="2">ddc</subfield>
   <subfield code="4">0</subfield>
   <subfield code="6">692_500000000000000_GI108T</subfield>
   <subfield code="7">0</subfield>
   <subfield code="9">17223</subfield>
   <subfield code="a">000001</subfield>
   <subfield code="b">000001</subfield>
   <subfield code="d">2019-08-10</subfield>
   <subfield code="o">692.5 Gi108T</subfield>
   <subfield code="p">MD.15931</subfield>
   <subfield code="r">2019-08-10</subfield>
   <subfield code="v">69000.00</subfield>
   <subfield code="w">2019-08-10</subfield>
   <subfield code="y">BK</subfield>
  </datafield>
  <datafield tag="952" ind1=" " ind2=" ">
   <subfield code="0">0</subfield>
   <subfield code="1">0</subfield>
   <subfield code="2">ddc</subfield>
   <subfield code="4">0</subfield>
   <subfield code="6">692_500000000000000_GI108T</subfield>
   <subfield code="7">0</subfield>
   <subfield code="9">17224</subfield>
   <subfield code="a">000001</subfield>
   <subfield code="b">000001</subfield>
   <subfield code="d">2019-08-10</subfield>
   <subfield code="l">1</subfield>
   <subfield code="o">692.5 Gi108T</subfield>
   <subfield code="p">MD.15932</subfield>
   <subfield code="r">2019-10-28</subfield>
   <subfield code="s">2019-10-21</subfield>
   <subfield code="v">69000.00</subfield>
   <subfield code="w">2019-08-10</subfield>
   <subfield code="y">BK</subfield>
  </datafield>
  <datafield tag="952" ind1=" " ind2=" ">
   <subfield code="0">0</subfield>
   <subfield code="1">0</subfield>
   <subfield code="2">ddc</subfield>
   <subfield code="4">0</subfield>
   <subfield code="6">692_500000000000000_GI108T</subfield>
   <subfield code="7">0</subfield>
   <subfield code="9">17225</subfield>
   <subfield code="a">000001</subfield>
   <subfield code="b">000001</subfield>
   <subfield code="d">2019-08-10</subfield>
   <subfield code="o">692.5 Gi108T</subfield>
   <subfield code="p">MD.15933</subfield>
   <subfield code="r">2019-08-10</subfield>
   <subfield code="v">69000.00</subfield>
   <subfield code="w">2019-08-10</subfield>
   <subfield code="y">BK</subfield>
  </datafield>
  <datafield tag="952" ind1=" " ind2=" ">
   <subfield code="0">0</subfield>
   <subfield code="1">0</subfield>
   <subfield code="2">ddc</subfield>
   <subfield code="4">0</subfield>
   <subfield code="6">692_500000000000000_GI108T</subfield>
   <subfield code="7">0</subfield>
   <subfield code="9">17226</subfield>
   <subfield code="a">000001</subfield>
   <subfield code="b">000001</subfield>
   <subfield code="d">2019-08-10</subfield>
   <subfield code="o">692.5 Gi108T</subfield>
   <subfield code="p">MD.15934</subfield>
   <subfield code="r">2019-08-10</subfield>
   <subfield code="v">69000.00</subfield>
   <subfield code="w">2019-08-10</subfield>
   <subfield code="y">BK</subfield>
  </datafield>
  <datafield tag="980" ind1=" " ind2=" ">
   <subfield code="a">Thư viện Trường Đại học Nam Cần Thơ</subfield>
  </datafield>
 </record>
</collection>
